| 000 | 00593nam a22002177a 4500 | ||
|---|---|---|---|
| 999 |
_c8520 _d8520 |
||
| 001 | 22419 | ||
| 003 | BD-DhUAP | ||
| 005 | 20240530182403.0 | ||
| 008 | 240530b19972017ny a|||| |||| 001 0 eng d | ||
| 020 | _a9780078823114 | ||
| 040 |
_aBD-DhAAL _beng _cBD-DhUAP _dBD-DhUAP |
||
| 082 |
_223 _a005.133 SCH |
||
| 100 | _aSchildt, Herbert. | ||
| 245 |
_aTeach yourself C / _cHerbert Schildt. |
||
| 250 | _a3rd ed. | ||
| 260 |
_aNew York : _bMcGraw-Hill, _cc2017. |
||
| 300 |
_axiii, 640 pages ; _c24 cm. |
||
| 500 | _aIncludes index. | ||
| 650 | _aC++ (Computer program language). | ||
| 942 |
_2ddc _cBK |
||